Construction industry holiday pay (Record no. 80066)

MARC details
000 -LEADER
fixed length control field 00970cab a22002055a 4500
001 - CONTROL NUMBER
control field L143108
008 - FIXED-LENGTH DATA ELEMENTS--GENERAL INFORMATION
fixed length control field 080408e20080327xxk f 000 0 eng d
035 ## - SYSTEM CONTROL NUMBER
System control number (Sirsi) u143108
041 0# - LANGUAGE CODE
Language code of text/sound track or separate title eng
100 1# - MAIN ENTRY--PERSONAL NAME
Personal name Bradley, Andy
245 00 - TITLE STATEMENT
Title Construction industry holiday pay
Remainder of title all work and no play...
260 ## - PUBLICATION, DISTRIBUTION, ETC.
Date of publication, distribution, etc. 2008
490 #0 - SERIES STATEMENT
Series statement Taxation
Volume/sequential designation 161(4/49) 27 March 2008, 322-323(2)
520 ## - SUMMARY, ETC.
Summary, etc. Explains the current rules and regulations regarding construction holiday pay schemes, clarifying the situation since the Social Security (Contributions) (Amendment No. 9) Regulations 2007 came into force. Notes that employees who are personally engaged in construction operations can still receive National Insurance free holiday pay if the employer uses a holiday pay fund with certain provisos.
590 ## - LOCAL NOTE (RLIN)
Local note KA
650 24 - SUBJECT ADDED ENTRY--TOPICAL TERM
Topical term or geographic name entry element SOCIAL SECURITY (CONTRIBUTIONS) (AMENDMENT NO 9) REGULATIONS 2007
651 #4 - SUBJECT ADDED ENTRY--GEOGRAPHIC NAME
Geographic name United Kingdom
Chronological subdivision
690 ## - LOCAL SUBJECT ADDED ENTRY--TOPICAL TERM (OCLC, RLIN)
Topical term or geographic name as entry element BUILT ENVIRONMENT
942 ## - ADDED ENTRY ELEMENTS (KOHA)
Suppress in OPAC 0
Holdings
Withdrawn status Lost status Source of classification or shelving scheme Damaged status Not for loan Home library Current library Shelving location Date acquired Total Checkouts Full call number Barcode Date last seen Copy number Price effective from Koha item type
    Dewey Decimal Classification     London London Journal article 08/04/2008   L143108 143108-1001 06/08/2019 1 06/08/2019 Journal article